000 00612nam a2200205Ia 4500
003 OSt
005 20251117123713.0
008 210210b2008 xxu||||| |||| 00| 0 eng d
040 _cAL
041 _aKannada
082 _aK894.1 MANM
100 _aMANJUNATHA (S)
_dಮಂಜುನಾಥ (ಎಸ್)
_9245950
245 _aManushya yuddhada bannagalu
_bಮನುಷ್ಯ ಯುದ್ಧದ ಬಣ್ಣಗಳು
260 _aBangaluru
_bNot Mentioned
_c2008
300 _axix-79
650 _a ಕವಿತೆಗಳು
_9245951
690 _aKannada Poetry
_9245952
906 _a063577
942 _2ddc
_cBK
999 _c138417
_d138417